[Event "DM G7 grp1 2024"]
[Site "Svendborg"]
[Date "2024.03.28"]
[Round "3"]
[White "Derlich, Sarah Sima"]
[Black "Poulsen, Peter Risgaard"]
[Result "1-0"]
[WhiteElo "1864"]
[BlackElo "1927"]
[WhiteFideId "1469290"]
[BlackFideId "1407333"]
[PlyCount "129"]
[EventDate "2024.04.26"]
[EventType "swiss"]
[EventRounds "7"]
[EventCountry "DEN"]
[SourceTitle "Live v. Kasper Jerwiarz"]

1. e4 c6 2. d4 d5 3. exd5 cxd5 4. Bd3 Nc6 5. c3 Nf6 
6. Bf4 g6 7. Qb3 Bg7 8. Nd2 O-O 9. Ngf3 Nh5 10. Be3 Qd6 
11. O-O b6 12. Rfe1 Bb7 13. Nf1 Kh8 14. Ng3 Nxg3 15. hxg3 f6 
16. Rad1 Rad8 17. Bb5 a6 18. Bf1 Na5 19. Qc2 Nc4 20. Bf4 Qd7 
21. Qb3 b5 22. Nd2 Rfe8 23. Qc2 Nd6 24. Nb3 e5 25. Nc5 Qf7 
26. Be3 Bc8 27. dxe5 fxe5 28. Bg5 Bg4 29. Bxd8 Bxd1 30. Rxd1 Rxd8 
31. Nxa6 d4 32. Nb4 Qb7 33. cxd4 exd4 34. Qc6 Qxc6 35. Nxc6 Ra8 
36. a3 Ra4 37. Bd3 Kg8 38. Bc2 Ra6 39. Nxd4 Nc4 40. Bb3 Rd6 
41. Nxb5 Rxd1+ 42. Bxd1 Nxb2 43. Bb3+ Kf8 44. a4 Nd3 45. a5 Nb4 
46. Nc7 Ke7 47. a6 Bd4 48. Nb5 Bxf2+ 49. Kxf2 Nxa6 50. Kf3 Nc5 
51. Nd4 Kf6 52. Bc2 Kg5 53. Nb3 Nd7 54. Nd2 h5 55. Ne4+ Kh6 
56. Kf4 Kg7 57. Kg5 Ne5 58. Nd6 Kh7 59. Nb7 Kg7 60. Nd8 Kh7 
61. Ne6 Nf7+ 62. Kf6 Nh8 63. Nf8+ Kh6 64. Nxg6 Nxg6 65. Bxg6 1-0

[Event "DM G7 grp1 2024"]
[Site "Svendborg"]
[Date "2024.03.28"]
[Round "3"]
[White "Paludan, Noah"]
[Black "Boje, Tobias Rosholm"]
[Result "1/2-1/2"]
[WhiteElo "1922"]
[BlackElo "2018"]
[WhiteFideId "1474987"]
[BlackFideId "1413643"]
[PlyCount "141"]
[EventDate "2024.04.26"]
[EventType "swiss"]
[EventRounds "7"]
[EventCountry "DEN"]
[SourceTitle "Live v. Kasper Jerwiarz"]

1. e4 c6 2. Nc3 d5 3. Nf3 Bg4 4. h3 Bxf3 5. Qxf3 e6 
6. Be2 Nf6 7. O-O Nbd7 8. d3 Bd6 9. Bf4 e5 10. Bh2 d4 
11. Nb1 Qe7 12. Nd2 O-O-O 13. a4 Rdg8 14. Nc4 Bc7 15. c3 c5 
16. cxd4 cxd4 17. Rfc1 Kb8 18. b4 Qxb4 19. Rcb1 Qe7 20. Rb5 a6 
21. Rb2 Ne8 22. Rab1 Nc5 23. a5 f6 24. Bd1 Nd6 25. Nxd6 Qxd6 
26. Bb3 Nxb3 27. Rxb3 Qc6 28. Qd1 Bxa5 29. Rxb7+ Qxb7 30. Rxb7+ Kxb7 
31. Qb3+ Bb6 32. Qd5+ Kb8 33. Qc6 Bc7 34. Qxa6 Rd8 35. Qb5+ Kc8 
36. Qa6+ Kd7 37. Qb5+ Ke7 38. Qc6 Bd6 39. Bg3 Rc8 40. Qb5 Rc5 
41. Qb7+ Rc7 42. Qb5 Rb8 43. Qa6 Rb1+ 44. Kh2 Rcc1 45. Qa7+ Kf8 
46. Qa8+ Kf7 47. Qa2+ Ke7 48. Qa7+ Kd8 49. Qa8+ Kc7 50. Qa7+ Kd8 
51. Qa8+ Bb8 52. Qa5+ Bc7 53. Qa8+ Kd7 54. Qa4+ Ke6 55. Qa6+ Bb6 
56. Qa2+ Ke7 57. Bxe5 fxe5 58. Qg8 Rh1+ 59. Kg3 Rhd1 60. Qxg7+ Kd6 
61. Qf6+ Kd7 62. Qf7+ Kc8 63. Qg8+ Kb7 64. Qd5+ Ka6 65. Qc4+ Kb7 
66. Qd5+ Ka6 67. Qc4+ Ka7 68. Qf7+ Kb8 69. Qg8+ Kb7 70. Qd5+ Ka6 
71. Qc4+ 1/2-1/2

[Event "DM G7 grp1 2024"]
[Site "Svendborg"]
[Date "2024.03.28"]
[Round "3"]
[White "Ostergreen Johansen, Benjamin"]
[Black "Ambirk, Jan"]
[Result "1-0"]
[WhiteElo "1981"]
[BlackElo "1829"]
[WhiteFideId "1476742"]
[BlackFideId "1428403"]
[PlyCount "55"]
[EventDate "2024.04.26"]
[EventType "swiss"]
[EventRounds "7"]
[EventCountry "DEN"]
[SourceTitle "Live v. Kasper Jerwiarz"]

1. e4 e5 2. Nf3 Nf6 3. Nxe5 d6 4. Nf3 Nxe4 5. d4 d5 
6. Bd3 Nc6 7. O-O Be7 8. Re1 Bf5 9. c4 Nb4 10. Bf1 O-O 
11. a3 Nc6 12. Nc3 Nxc3 13. bxc3 Be6 14. cxd5 Bxd5 15. Rb1 Rb8 
16. Bd3 Bf6 17. Nd2 Be6 18. Nf1 Ne7 19. Qc2 g6 20. Ng3 Bg7 
21. a4 c6 22. Bf4 Rc8 23. Rxb7 Nd5 24. Bd2 Nb6 25. Rxa7 Nc4 
26. Rxe6 Nxd2 27. Re2 Qb6 28. Ra6 1-0

[Event "DM G7 grp1 2024"]
[Site "Svendborg"]
[Date "2024.03.28"]
[Round "3"]
[White "Ringsmose, Christian"]
[Black "Jensen, Morten Frank"]
[Result "1-0"]
[WhiteElo "1980"]
[BlackElo "1999"]
[WhiteFideId "1451669"]
[BlackFideId "1407325"]
[PlyCount "155"]
[EventDate "2024.04.26"]
[EventType "swiss"]
[EventRounds "7"]
[EventCountry "DEN"]
[SourceTitle "Live v. Kasper Jerwiarz"]

1. e4 d5 2. exd5 Qxd5 3. Nc3 Qd6 4. g3 Nf6 5. Bg2 a6 
6. Nf3 Bg4 7. h3 Bd7 8. O-O Bc6 9. d4 e6 10. Bf4 Qd8 
11. d5 Nxd5 12. Nxd5 Qxd5 13. c4 Qxd1 14. Raxd1 Bd6 15. Bxd6 cxd6 
16. Rxd6 Nd7 17. Rfd1 O-O-O 18. Ng5 Bxg2 19. Nxf7 Bc6 20. Nxd8 Kxd8 
21. Rxe6 Re8 22. Rxe8+ Kxe8 23. f4 Nf6 24. Kh2 Kf7 25. Rd4 h5 
26. b4 Ke6 27. Rd8 Ke7 28. Rd3 Ke6 29. Re3+ Kf7 30. Re5 g6 
31. b5 axb5 32. cxb5 Bf3 33. a4 Nd7 34. Re3 Bd5 35. a5 Bc4 
36. b6 Bd5 37. Ra3 Nc5 38. Rc3 Na6 39. Re3 Nb4 40. Re5 Bc6 
41. Rg5 Kf6 42. g4 hxg4 43. Rxg4 Nd5 44. Rh4 Kf5 45. Kg3 Nf6 
46. Rh8 Ne4+ 47. Kf3 Nd6+ 48. Kg3 Ne4+ 49. Kf3 Nd6+ 50. Ke3 Nc4+ 
51. Kd4 Nxa5 52. Rf8+ Ke6 53. f5+ gxf5 54. h4 Nb3+ 55. Ke3 Nc5 
56. Kf4 Be4 57. h5 Ke7 58. Rg8 Kf7 59. Rc8 Ne6+ 60. Ke5 Nf8 
61. Rc7+ Kg8 62. h6 Nh7 63. Re7 Nf8 64. Kf6 Nh7+ 65. Ke6 Nf8+ 
66. Kd6 Nh7 67. Rg7+ Kh8 68. Ke7 Bd5 69. Rg1 Be4 70. Rd1 Ng5 
71. Kf6 Nf3 72. Rd7 Nh2 73. Kg5 Nf3+ 74. Kh5 Ne5 75. Re7 Nf3 
76. h7 Nh2 77. Kg6 f4+ 78. Rxe4 1-0

[Event "DM G7 grp1 2024"]
[Site "Svendborg"]
[Date "2024.03.28"]
[Round "3"]
[White "Haarh, Simon Bjork"]
[Black "Nykjaer, Jess"]
[Result "1-0"]
[WhiteElo "2003"]
[BlackElo "1990"]
[WhiteFideId "1470515"]
[BlackFideId "1427288"]
[PlyCount "75"]
[EventDate "2024.04.26"]
[EventType "swiss"]
[EventRounds "7"]
[EventCountry "DEN"]
[SourceTitle "Live v. Kasper Jerwiarz"]

1. e4 c5 2. Nf3 g6 3. d4 cxd4 4. Nxd4 Nc6 5. Nxc6 bxc6 
6. Bc4 Bg7 7. Nc3 d6 8. Qf3 e6 9. O-O Ne7 10. Bg5 O-O 
11. Rfe1 Qd7 12. Rad1 Bb7 13. Qg3 Nc8 14. Bb3 h6 15. Bf4 d5 
16. h4 Kh7 17. h5 g5 18. Be5 f6 19. Bd4 Rf7 20. Na4 Qc7 
21. Qd3 e5 22. exd5+ Kh8 23. Bc5 cxd5 24. Bxd5 Rd7 25. Qb3 Rb8 
26. Bxb7 Rxb7 27. Qe6 Qd8 28. Nc3 Ne7 29. a4 Ng8 30. a5 Rxd1 
31. Rxd1 Qxa5 32. b4 Qc7 33. Nd5 Qd7 34. Qxd7 Rxd7 35. c4 f5 
36. Ra1 Nf6 37. Rxa7 Rd8 38. Be7 1-0

[Event "DM G7 grp1 2024"]
[Site "Svendborg"]
[Date "2024.03.28"]
[Round "3"]
[White "Loveid, Erik"]
[Black "Leonhardsen, Vebjorn Maanum"]
[Result "1/2-1/2"]
[WhiteElo "1975"]
[BlackElo "1950"]
[WhiteFideId "1520067"]
[BlackFideId "1539515"]
[PlyCount "51"]
[EventDate "2024.04.26"]
[EventType "swiss"]
[EventRounds "7"]
[EventCountry "DEN"]
[SourceTitle "Live v. Kasper Jerwiarz"]

1. e4 c6 2. d4 d5 3. exd5 cxd5 4. c4 Nf6 5. Nc3 Nc6 
6. Nf3 Bg4 7. cxd5 Nxd5 8. Qb3 Bxf3 9. gxf3 e6 10. Qxb7 Nxd4 
11. Bb5+ Nxb5 12. Qc6+ Ke7 13. Qxb5 Qd7 14. Nxd5+ Qxd5 15. Bg5+ f6 
16. Qxd5 exd5 17. Be3 Ke6 18. O-O-O Bb4 19. a3 Ba5 20. Rd3 Rhd8 
21. b4 Bb6 22. Re1 Kf7 23. Red1 Ke6 24. Re1 Kf7 25. Red1 Ke6 
26. Re1 1/2-1/2

[Event "DM G7 grp1 2024"]
[Site "Svendborg"]
[Date "2024.03.28"]
[Round "3"]
[White "Ramsdal, Mikkel"]
[Black "Christensen, Michael"]
[Result "1-0"]
[WhiteElo "1882"]
[BlackElo "1899"]
[WhiteFideId "1438484"]
[BlackFideId "1463667"]
[PlyCount "79"]
[EventDate "2024.04.26"]
[EventType "swiss"]
[EventRounds "7"]
[EventCountry "DEN"]
[SourceTitle "Live v. Kasper Jerwiarz"]

1. d4 Nf6 2. c4 c5 3. d5 b5 4. cxb5 a6 5. bxa6 Bxa6 
6. Nc3 d6 7. Nf3 g6 8. e4 Bxf1 9. Kxf1 Nbd7 10. g3 Bg7 
11. Kg2 O-O 12. Qc2 Nb6 13. Rb1 Qc7 14. b3 Rfc8 15. Re1 Nfd7 
16. Bb2 Qa7 17. Re2 Qa6 18. Rbe1 Ra7 19. h4 h5 20. Ng5 c4 
21. b4 Ne5 22. f4 Nd3 23. b5 Nxe1+ 24. Rxe1 Qa5 25. e5 Nxd5 
26. Nxd5 Qxe1 27. Bc3 Rca8 28. Bxe1 Rxa2 29. Qxa2 Rxa2+ 30. Kf3 dxe5 
31. Nxe7+ Kf8 32. Bb4 Rb2 33. Nd5+ Ke8 34. Ne4 Kd7 35. Nc5+ Kd6 
36. Na4+ Kxd5 37. Nxb2 e4+ 38. Ke3 Bxb2 39. Kd2 c3+ 40. Kc2 1-0

[Event "DM G7 grp1 2024"]
[Site "Svendborg"]
[Date "2024.03.28"]
[Round "3"]
[White "Jensen, Soren"]
[Black "Rasmussen, Johnny Koust"]
[Result "1-0"]
[WhiteElo "1945"]
[BlackElo "1909"]
[WhiteFideId "1421204"]
[BlackFideId "1422383"]
[PlyCount "105"]
[EventDate "2024.04.26"]
[EventType "swiss"]
[EventRounds "7"]
[EventCountry "DEN"]
[SourceTitle "Live v. Kasper Jerwiarz"]

1. e4 e5 2. Nf3 Nc6 3. Bc4 Bc5 4. b4 Bxb4 5. c3 Ba5 
6. d4 exd4 7. O-O d6 8. Qb3 Qe7 9. cxd4 Bb6 10. Bg5 Qd7 
11. Bb5 a6 12. Ba4 Ba7 13. Qb2 f6 14. d5 fxg5 15. dxc6 bxc6 
16. Bxc6 Qxc6 17. Qxg7 Bg4 18. Qxh8 O-O-O 19. Nbd2 h6 20. Rab1 Bb6 
21. Rfc1 Qb7 22. Nc4 Kb8 23. Na5 Bxa5 24. Rxb7+ Kxb7 25. Qd4 Bb6 
26. Qd5+ Kb8 27. Ne5 Ne7 28. Qd3 Bc8 29. Nc4 Bc5 30. Qb3+ Ka8 
31. Na5 Rf8 32. Rc2 Bb6 33. Qc3 Be6 34. Nc4 Bxc4 35. Qxc4 a5 
36. Qe6 Ng8 37. Kf1 Ka7 38. f3 Kb7 39. Ke2 Ka7 40. h3 Kb7 
41. Qd7 Ka7 42. Rxc7+ Bxc7 43. Qxc7+ Ka8 44. Qxa5+ Kb7 45. Qd5+ Kc7 
46. e5 Re8 47. Qxd6+ Kc8 48. a4 Rd8 49. Qb6 Re8 50. e6 Ne7 
51. a5 Ng6 52. Qc6+ Kd8 53. Qd7# 1-0

[Event "DM G7 grp1 2024"]
[Site "Svendborg"]
[Date "2024.03.28"]
[Round "3"]
[White "Bekmukhanov, Sauran"]
[Black "Bruntse, Kathrine Lindegaard"]
[Result "1-0"]
[WhiteElo "1862"]
[BlackElo "1873"]
[WhiteFideId "1472844"]
[BlackFideId "1472283"]
[PlyCount "133"]
[EventDate "2024.04.26"]
[EventType "swiss"]
[EventRounds "7"]
[EventCountry "DEN"]
[SourceTitle "Live v. Kasper Jerwiarz"]

1. e4 c5 2. Nf3 e6 3. d4 cxd4 4. Nxd4 Nc6 5. Nc3 Qc7 
6. Be2 a6 7. O-O Nf6 8. Be3 Be7 9. f4 d6 10. Bf3 Bd7 
11. Qe1 Na5 12. b3 Rc8 13. Nce2 e5 14. Bd2 b6 15. Qg3 exd4 
16. e5 Qxc2 17. exf6 Bxf6 18. Bxa5 bxa5 19. Rfc1 Qf5 20. Rxc8+ Bxc8 
21. h3 Qb5 22. a4 Qb6 23. Kh2 O-O 24. Rd1 Qxb3 25. Nxd4 Qxa4 
26. Nc6 Qa3 27. Rd5 a4 28. Qe1 Be6 29. Rd1 Qc5 30. Rc1 Qb5 
31. Qd2 a3 32. Qxd6 a2 33. Nd4 Qb2 34. Nxe6 fxe6 35. Qxe6+ Kh8 
36. Rc8 Qb4 37. Rxf8+ Qxf8 38. Qxa2 Qd6 39. g3 g6 40. Be2 Qb6 
41. Bxa6 Bb2 42. Bf1 Qf2+ 43. Bg2 Bd4 44. Qa8+ Kg7 45. Qb7+ Kh6 
46. h4 Qg1+ 47. Kh3 Qe1 48. g4 Qe3+ 49. Bf3 g5 50. hxg5+ Kg6 
51. Qe4+ Qxe4 52. Bxe4+ Kg7 53. f5 Bf2 54. f6+ Kg8 55. g6 hxg6 
56. Bxg6 Kf8 57. g5 Bc5 58. Kg4 Kg8 59. Kf5 Bf8 60. Be8 Kh7 
61. Ke6 Kg8 62. g6 Bh6 63. Bc6 Bf8 64. Bd5 Bh6 65. Ke7+ Kh8 
66. Kf7 Bf8 67. g7+ 1-0

[Event "DM G7 grp1 2024"]
[Site "Svendborg"]
[Date "2024.03.28"]
[Round "3"]
[White "Hollesen, Kurt"]
[Black "Kokholm, Daniel"]
[Result "1-0"]
[WhiteElo "1947"]
[BlackElo "1906"]
[WhiteFideId "1406817"]
[BlackFideId "1407155"]
[PlyCount "81"]
[EventDate "2024.04.26"]
[EventType "swiss"]
[EventRounds "7"]
[EventCountry "DEN"]
[SourceTitle "Live v. Kasper Jerwiarz"]

1. e4 d6 2. g3 e5 3. Bg2 Nd7 4. d3 Ngf6 5. Ne2 c6 
6. c4 Be7 7. O-O O-O 8. b3 g6 9. h3 Ne8 10. Bh6 Ng7 
11. Nbc3 Nb8 12. d4 Be6 13. d5 Bc8 14. dxc6 bxc6 15. Qd2 Re8 
16. Rad1 Qc7 17. Bg5 f6 18. Be3 Be6 19. Kh2 Na6 20. f4 Rad8 
21. g4 Rf8 22. f5 Bf7 23. Bh6 Be8 24. Ng3 g5 25. Nge2 Rd7 
26. h4 Qd8 27. hxg5 fxg5 28. Ng1 Kh8 29. Nh3 Rg8 30. Rf3 Bf7 
31. Bxg5 Ne8 32. Bxe7 Qxe7 33. Rg3 Qh4 34. Bf3 Nf6 35. Rdg1 d5 
36. exd5 cxd5 37. cxd5 Re8 38. g5 e4 39. Qd4 Rd6 40. Rg4 Qh5 
41. Be2 1-0

[Event "DM G7 grp1 2024"]
[Site "Svendborg"]
[Date "2024.03.29"]
[Round "4"]
[White "Ostergreen Johansen, Benjamin"]
[Black "Derlich, Sarah Sima"]
[Result "1/2-1/2"]
[WhiteElo "1981"]
[BlackElo "1864"]
[WhiteFideId "1476742"]
[BlackFideId "1469290"]
[PlyCount "78"]
[EventDate "2024.04.26"]
[EventType "swiss"]
[EventRounds "7"]
[EventCountry "DEN"]
[SourceTitle "Live v. Kasper Jerwiarz"]

1. e4 c6 2. d4 d5 3. e5 c5 4. Nf3 cxd4 5. Nxd4 Nc6 
6. Nxc6 bxc6 7. Bd3 e6 8. O-O Ne7 9. Nd2 Ng6 10. Nf3 Bc5 
11. g3 O-O 12. Ng5 Be7 13. Qh5 Bxg5 14. Bxg5 Qb6 15. b3 Ba6 
16. Be3 Qb7 17. c4 Rfd8 18. Be2 dxc4 19. bxc4 Qb2 20. f4 Qc3 
21. Qf3 Bxc4 22. Rfc1 Bxe2 23. Qxe2 Qd3 24. Qxd3 Rxd3 25. Kf2 Ne7 
26. Bc5 Nd5 27. Ke2 Rc3 28. Bd4 Rxc1 29. Rxc1 a5 30. a3 Ra6 
31. Rb1 h6 32. Rb8+ Kh7 33. Kd3 c5 34. Bxc5 Rc6 35. Kc4 Rc7 
36. Rb5 a4 37. Ra5 Kg6 38. Kd4 Rd7 39. Kc4 Rc7 1/2-1/2

[Event "DM G7 grp1 2024"]
[Site "Svendborg"]
[Date "2024.03.29"]
[Round "4"]
[White "Boje, Tobias Rosholm"]
[Black "Haarh, Simon Bjork"]
[Result "1/2-1/2"]
[WhiteElo "2018"]
[BlackElo "2003"]
[WhiteFideId "1413643"]
[BlackFideId "1470515"]
[PlyCount "45"]
[EventDate "2024.04.26"]
[EventType "swiss"]
[EventRounds "7"]
[EventCountry "DEN"]
[SourceTitle "Live v. Kasper Jerwiarz"]

1. e4 c5 2. Nf3 d6 3. Bb5+ Nd7 4. O-O Ngf6 5. Re1 e5 
6. c3 Be7 7. d4 O-O 8. Nbd2 a6 9. Bf1 b5 10. a4 Rb8 
11. axb5 axb5 12. dxe5 dxe5 13. c4 b4 14. Nb3 Bb7 15. Qc2 h6 
16. Bd3 Ra8 17. Rxa8 Qxa8 18. Nfd2 Re8 19. Nf1 Bf8 20. f3 Nb8 
21. Ne3 Nc6 22. Nd5 Nxd5 23. exd5 1/2-1/2

[Event "DM G7 grp1 2024"]
[Site "Svendborg"]
[Date "2024.03.29"]
[Round "4"]
[White "Poulsen, Peter Risgaard"]
[Black "Paludan, Noah"]
[Result "0-1"]
[WhiteElo "1927"]
[BlackElo "1922"]
[WhiteFideId "1407333"]
[BlackFideId "1474987"]
[PlyCount "68"]
[EventDate "2024.04.26"]
[EventType "swiss"]
[EventRounds "7"]
[EventCountry "DEN"]
[SourceTitle "Live v. Kasper Jerwiarz"]

1. d4 Nf6 2. Nf3 g6 3. Bf4 Bg7 4. Nc3 d5 5. e3 O-O 
6. Bd3 c6 7. h4 Bg4 8. Qd2 Nh5 9. Bh2 Bxf3 10. gxf3 Nd7 
11. O-O-O b5 12. e4 e5 13. exd5 exd4 14. Ne2 cxd5 15. Bd6 Re8 
16. Ng3 Nxg3 17. fxg3 Nb6 18. Bc5 Qc7 19. Bxb6 Qxb6 20. h5 Re3 
21. hxg6 hxg6 22. Rde1 Rae8 23. Kd1 a5 24. Qh2 b4 25. Qh3 Qb7 
26. b3 Qc6 27. Rxe3 dxe3 28. Ke2 a4 29. bxa4 Qxa4 30. Qg4 d4 
31. Qg5 Qxa2 32. Qb5 Rc8 33. Rc1 Qb2 34. Kd1 Qc3 0-1

[Event "DM G7 grp1 2024"]
[Site "Svendborg"]
[Date "2024.03.29"]
[Round "4"]
[White "Leonhardsen, Vebjorn Maanum"]
[Black "Ringsmose, Christian"]
[Result "1-0"]
[WhiteElo "1950"]
[BlackElo "1980"]
[WhiteFideId "1539515"]
[BlackFideId "1451669"]
[PlyCount "91"]
[EventDate "2024.04.26"]
[EventType "swiss"]
[EventRounds "7"]
[EventCountry "DEN"]
[SourceTitle "Live v. Kasper Jerwiarz"]

1. d4 d5 2. Nf3 Nf6 3. c4 e6 4. Nc3 Be7 5. Bf4 O-O 
6. e3 Nbd7 7. Bd3 dxc4 8. Bxc4 a6 9. a4 Nb6 10. Be2 Nbd5 
11. Bg5 h6 12. Bh4 g5 13. Bg3 Bb4 14. Qc2 b6 15. O-O Bb7 
16. Nxd5 Nxd5 17. Ne5 f5 18. Nc6 Bxc6 19. Qxc6 Bd6 20. Bxd6 cxd6 
21. Rac1 Rf7 22. Qc4 Rc7 23. Qb3 Rxc1 24. Rxc1 Rc8 25. Rc4 g4 
26. Qc2 Rc7 27. e4 b5 28. axb5 axb5 29. Rxc7 Qxc7 30. Qd2 fxe4 
31. Qxh6 e3 32. Qxe6+ Qf7 33. Qxf7+ Kxf7 34. Bxb5 Kf6 35. fxe3 Nxe3 
36. Be2 Kf5 37. Kf2 Ke4 38. b4 Kxd4 39. b5 Nd5 40. Bxg4 Nf6 
41. Be2 d5 42. b6 Kc5 43. b7 Nd7 44. h4 Kb6 45. Bg4 Nb8 
46. h5 1-0

[Event "DM G7 grp1 2024"]
[Site "Svendborg"]
[Date "2024.03.29"]
[Round "4"]
[White "Jensen, Morten Frank"]
[Black "Jensen, Soren"]
[Result "0-1"]
[WhiteElo "1999"]
[BlackElo "1945"]
[WhiteFideId "1407325"]
[BlackFideId "1421204"]
[PlyCount "78"]
[EventDate "2024.04.26"]
[EventType "swiss"]
[EventRounds "7"]
[EventCountry "DEN"]
[SourceTitle "Live v. Kasper Jerwiarz"]

1. d4 b5 2. Nf3 Bb7 3. g3 e6 4. Bg2 c5 5. c3 Nf6 
6. O-O Nc6 7. Na3 a6 8. Nc2 d5 9. Nce1 Nd7 10. h4 Be7 
11. Nd3 Qb6 12. Be3 h6 13. dxc5 Qc7 14. b4 e5 15. Nh2 Nf6 
16. a4 Rd8 17. axb5 axb5 18. Qb3 Qd7 19. f4 e4 20. Nf2 Nh5 
21. Bh3 f5 22. Kg2 Qe6 23. g4 Qg6 24. g5 d4 25. cxd4 Nxd4 
26. Qb2 Ne6 27. Nfg4 O-O 28. Ne5 Qe8 29. c6 Bxc6 30. Nxc6 Qxc6 
31. Ra7 Qd6 32. Qe5 hxg5 33. Rxe7 Qxe7 34. fxg5 g6 35. Qxb5 Qd6 
36. Qc4 Kh7 37. Bc5 Nxc5 38. Qxc5 Qg3+ 39. Kh1 Qxh3 0-1

[Event "DM G7 grp1 2024"]
[Site "Svendborg"]
[Date "2024.03.29"]
[Round "4"]
[White "Bekmukhanov, Sauran"]
[Black "Loveid, Erik"]
[Result "0-1"]
[WhiteElo "1862"]
[BlackElo "1975"]
[WhiteFideId "1472844"]
[BlackFideId "1520067"]
[PlyCount "80"]
[EventDate "2024.04.26"]
[EventType "swiss"]
[EventRounds "7"]
[EventCountry "DEN"]
[SourceTitle "Live v. Kasper Jerwiarz"]

1. e4 d6 2. d4 Nf6 3. Nc3 e5 4. f4 exd4 5. Qxd4 Nc6 
6. Bb5 Bd7 7. Bxc6 Bxc6 8. Nf3 d5 9. e5 Ne4 10. Be3 Bc5 
11. Qd3 Bxe3 12. Qxe3 Nxc3 13. bxc3 O-O 14. O-O Bb5 15. Rf2 c6 
16. Re1 Qb6 17. Nd4 c5 18. Nf5 Rfe8 19. Nd6 Re7 20. Qg3 Qxd6 
21. f5 Qh6 22. Rf4 f6 23. e6 Qg5 24. Qf2 b6 25. Qf3 Rd8 
26. Rd1 Be8 27. g3 Qh5 28. Rg4 g5 29. Kg2 Bc6 30. h3 Qe8 
31. Kh2 h5 32. Rxg5+ fxg5 33. Qe3 Rg7 34. f6 Qg6 35. Rf1 Rf8 
36. Qe5 d4 37. Kg1 Qe4 38. f7+ Rfxf7 39. exf7+ Rxf7 40. Qxg5+ Rg7 
0-1

[Event "DM G7 grp1 2024"]
[Site "Svendborg"]
[Date "2024.03.29"]
[Round "4"]
[White "Ambirk, Jan"]
[Black "Ramsdal, Mikkel"]
[Result "0-1"]
[WhiteElo "1829"]
[BlackElo "1882"]
[WhiteFideId "1428403"]
[BlackFideId "1438484"]
[PlyCount "76"]
[EventDate "2024.04.26"]
[EventType "swiss"]
[EventRounds "7"]
[EventCountry "DEN"]
[SourceTitle "Live v. Kasper Jerwiarz"]

1. c4 e5 2. Nc3 Nc6 3. g3 g6 4. Bg2 Bg7 5. e4 d6 
6. d3 Nf6 7. h3 Be6 8. Nge2 Qd7 9. Be3 h5 10. Qd2 O-O-O 
11. O-O-O h4 12. g4 Nh7 13. f4 f5 14. exf5 gxf5 15. g5 Nd4 
16. Bxd4 exd4 17. Nb5 d5 18. Qa5 a6 19. Nexd4 Bxd4 20. Nxd4 Qd6 
21. Nxe6 Qxe6 22. Bxd5 Qe3+ 23. Qd2 Rhe8 24. Rde1 Qg3 25. Be6+ Rxe6 
26. Rxe6 Rxd3 27. Re8+ Kd7 28. Qxd3+ Qxd3 29. Rd1 Qxd1+ 30. Kxd1 Kxe8 
31. Ke2 c5 32. a3 Kf7 33. b4 b6 34. Kd3 Nf8 35. a4 cxb4 
36. Kd4 Ne6+ 37. Ke5 b3 38. g6+ Kxg6 0-1

[Event "DM G7 grp1 2024"]
[Site "Svendborg"]
[Date "2024.03.29"]
[Round "4"]
[White "Nykjaer, Jess"]
[Black "Hollesen, Kurt"]
[Result "1/2-1/2"]
[WhiteElo "1990"]
[BlackElo "1947"]
[WhiteFideId "1427288"]
[BlackFideId "1406817"]
[PlyCount "53"]
[EventDate "2024.04.26"]
[EventType "swiss"]
[EventRounds "7"]
[EventCountry "DEN"]
[SourceTitle "Live v. Kasper Jerwiarz"]

1. e4 c6 2. Nc3 d5 3. Nf3 dxe4 4. Nxe4 Nf6 5. Qe2 Bg4 
6. h3 Bxf3 7. Nxf6+ gxf6 8. Qxf3 Nd7 9. d4 e6 10. c3 Qc7 
11. Bf4 Bd6 12. Bxd6 Qxd6 13. O-O-O h5 14. g3 f5 15. Bg2 O-O-O 
16. g4 hxg4 17. hxg4 fxg4 18. Qxg4 Rhg8 19. Qf3 Rg7 20. Bf1 Qd5 
21. Qxd5 cxd5 22. Rd3 Rdg8 23. Rdh3 Rg1 24. Kd2 Rxh1 25. Rxh1 Kd8 
26. Bd3 Ke7 27. Ke3 1/2-1/2

[Event "DM G7 grp1 2024"]
[Site "Svendborg"]
[Date "2024.03.29"]
[Round "4"]
[White "Christensen, Michael"]
[Black "Rasmussen, Johnny Koust"]
[Result "1-0"]
[WhiteElo "1899"]
[BlackElo "1909"]
[WhiteFideId "1463667"]
[BlackFideId "1422383"]
[PlyCount "95"]
[EventDate "2024.04.26"]
[EventType "swiss"]
[EventRounds "7"]
[EventCountry "DEN"]
[SourceTitle "Live v. Kasper Jerwiarz"]

1. e4 e5 2. Nf3 Nc6 3. Bb5 a6 4. Ba4 d6 5. O-O Bg4 
6. c3 Nf6 7. Re1 Be7 8. d3 O-O 9. Nbd2 b5 10. Bc2 Re8 
11. Nf1 h6 12. h3 Bd7 13. d4 Bf8 14. Ng3 Qc8 15. Kh2 Nd8 
16. Nh4 c5 17. dxe5 dxe5 18. Nhf5 Qc7 19. Qf3 Re6 20. Nf1 Nc6 
21. N1e3 Qb7 22. Nd5 Nh7 23. h4 Rae8 24. Be3 Na5 25. Rad1 Nc4 
26. Bc1 Nd6 27. h5 Bc6 28. Be3 Nc4 29. Bc1 Nd6 30. Qg3 Kh8 
31. Be3 Nxf5 32. exf5 Rd6 33. c4 bxc4 34. Nc3 Rxd1 35. Rxd1 Nf6 
36. b3 cxb3 37. Bxb3 Qe7 38. Qh4 Qc7 39. Bxh6 e4+ 40. Bf4 Qe7 
41. Bd6 Qb7 42. Bxf8 Rxf8 43. h6 Qc7+ 44. g3 gxh6 45. Qxf6+ Kh7 
46. Rd6 Rh8 47. Qxh6+ Kg8 48. Rg6# 1-0

[Event "DM G7 grp1 2024"]
[Site "Svendborg"]
[Date "2024.03.30"]
[Round "5"]
[White "Derlich, Sarah Sima"]
[Black "Paludan, Noah"]
[Result "1/2-1/2"]
[WhiteElo "1864"]
[BlackElo "1922"]
[WhiteFideId "1469290"]
[BlackFideId "1474987"]
[PlyCount "76"]
[EventDate "2024.04.26"]
[EventType "swiss"]
[EventRounds "7"]
[EventCountry "DEN"]
[SourceTitle "Live v. Kasper Jerwiarz"]

1. e4 e6 2. d4 d5 3. Nd2 c5 4. exd5 Qxd5 5. Ngf3 cxd4 
6. Bc4 Qd6 7. O-O Nf6 8. Nb3 Nc6 9. Nbxd4 Nxd4 10. Nxd4 Qc7 
11. Qe2 a6 12. Rd1 Be7 13. g3 O-O 14. Bf4 Qc5 15. Bd3 Rd8 
16. Rd2 Qxd4 17. Bxh7+ Kxh7 18. Rxd4 Rxd4 19. Be5 Rd8 20. c4 Kg8 
21. Qf3 Ne8 22. Rd1 Rxd1+ 23. Qxd1 f6 24. Bf4 e5 25. Be3 Be6 
26. Qf3 Rd8 27. Qxb7 Kf8 28. Qxa6 Rd6 29. Qb5 Bd7 30. Qb3 Bf5 
31. c5 Rd3 32. Qc4 Rd1+ 33. Kg2 Nc7 34. Qa4 Rd3 35. c6 Be6 
36. b4 Bd5+ 37. Kh3 Be6+ 38. Kg2 Bd5+ 1/2-1/2

[Event "DM G7 grp1 2024"]
[Site "Svendborg"]
[Date "2024.03.30"]
[Round "5"]
[White "Haarh, Simon Bjork"]
[Black "Ostergreen Johansen, Benjamin"]
[Result "0-1"]
[WhiteElo "2003"]
[BlackElo "1981"]
[WhiteFideId "1470515"]
[BlackFideId "1476742"]
[PlyCount "76"]
[EventDate "2024.04.26"]
[EventType "swiss"]
[EventRounds "7"]
[EventCountry "DEN"]
[SourceTitle "Live v. Kasper Jerwiarz"]

1. e4 e5 2. Nf3 Nc6 3. Bb5 Nge7 4. O-O Ng6 5. d4 Nxd4 
6. Nxd4 exd4 7. Qxd4 c6 8. Bd3 Qb6 9. Qc3 Bd6 10. Qxg7 Be5 
11. Qh6 d6 12. Na3 Bxb2 13. Bxb2 Qxb2 14. Nc4 Qf6 15. e5 dxe5 
16. Nxe5 Be6 17. Nf3 O-O-O 18. Qe3 Bd5 19. Qg5 Qxg5 20. Nxg5 Nf4 
21. Bf5+ Kb8 22. Ne4 Rhg8 23. Ng3 h5 24. f3 h4 25. Kf2 hxg3+ 
26. hxg3 Ne6 27. g4 Bc4 28. Rfd1 Kc7 29. g3 Rxd1 30. Rxd1 Bxa2 
31. Ra1 Bc4 32. Ke3 a6 33. Rh1 Kd6 34. f4 a5 35. g5 a4 
36. Rd1+ Ke7 37. g4 a3 38. Ra1 a2 0-1